000 00661 a2200193 4500
999 _c2023
_d2023
020 _a9780070172685
050 _aHF1359 APP 2010
100 _aAppleyard, Dennis R.
_eauthor
245 _aInternatinal Economics /
_cDennis R. Appleyard, Alfred J. Field & Steven L. Cobb
250 _a7th ed.
264 _aNew York
_bMcGraw-Hill Irwin
_c2010
300 _a812p. :
_bill.
500 _aIncludes bibliographical references and index
650 _aInternational economic relations
_xInternational trade
650 _aInternational finance
700 _aField, Alfred J.
_eauthor
700 _aCobb, Steven L.
_eauthor
942 _2lcc
_cBK
_e7th ed.
_h1359
_i APP
_kHF